| 000 | 00732nam a2200181Ia 4500 | ||
|---|---|---|---|
| 008 | 100921s9999 xx 000 0 und d | ||
| 082 |
_b32767 _a550 थ 93 |
||
| 100 | _aकुलकर्णी एस.के. | ||
| 245 | _aअग्नसिंपदा. | ||
| 260 |
_bइन्स्टीट्यूट फॉर स्टडीज इन वेदिक सायनन्सेस,अक्कलकोट. _c1993 |
||
| 300 |
_a41 _b--- |
||
| 365 | _b5 | ||
| 520 | _aविज्ञान-भौमिक शास्त्रे. | ||
| 630 | _aअग्नसिंपदा. | ||
| 650 | _aविज्ञान-भौमिक शास्त्रे. | ||
| 730 | _aअग्नसिंपदा. | ||
| 942 | _cBOOK | ||
| 999 |
_c781880 _d781877 |
||